Länder in einem leeren Ring - Statistiken

Allgemein
  • Dieses Quiz wurde 199 mal gespielt
  • Das Durchschnittsergebnis liegt bei 20 aus 27
Antworten auf der Karte
Die Antworten werden auf der Karte rot bzw. grün angezeigt, abhängig davon wie oft sie richtig erraten wurden.
 
Antwortstatistiken
Country % Korrekt
China
97%
Indien
95%
Australien
94%
Indonesien
85%
Nepal
81%
Saudi Arabien
81%
Pakistan
80%
Madagaskar
76%
Oman
76%
Jemen
75%
Somalia
75%
Bhutan
74%
Kenia
74%
Iran
73%
Philippinen
73%
Äthiopien
72%
Bangladesch
72%
Vietnam
72%
Myanmar
70%
Tansania
69%
Mosambik
66%
Vereinigten Arabische Emirate
63%
Eritrea
61%
Dschibuti
58%
Komoren
53%
Mauritius
50%
Osttimor
46%
Keine übereinstimmenden Quizze gefunden
Verteilung der Resultate
Anzahl Personen mit jedem Resultat
Perzentil nach korrekt beantworteten Fragen
Ihre Resultats-Entwicklung
Sie haben dieses Quiz noch nicht gespielt